[Event "World Rapid 2018"]
[Site "St Petersburg RUS"]
[Date "2018.12.27"]
[Round "7.35"]
[White "Riazantsev, Alexander"]
[Black "Miton, Kamil"]
[Result "1-0"]
[WhiteTitle "GM"]
[BlackTitle "GM"]
[WhiteElo "2649"]
[BlackElo "2588"]
[WhiteFideId "4125029"]
[BlackFideId "1111914"]
[EventDate "2018.12.26"]

1. d4 Nf6 2. c4 e6 3. Nf3 d5 4. Bg5 Nbd7 5. e3 Be7 6. Qc2 h6 7. Bh4 c5 8. dxc5
Nxc5 9. Nc3 O-O 10. cxd5 Nxd5 11. Nxd5 exd5 12. Bxe7 Qxe7 13. Rc1 b6 14. Be2 Bg4
15. O-O Rad8 16. Nd4 Bxe2 17. Qxe2 Qf6 18. Rfd1 a5 19. h3 Rc8 20. Rc2 Ne4 21.
Nf3 Rxc2 22. Qxc2 Rd8 23. Qc7 Re8 24. Qc2 Rd8 25. a3 Nc5 26. b4 axb4 27. axb4
Ne4 28. Nd4 Ra8 29. f3 Nd6 30. Qc6 Ra3 31. Qxb6 Rxe3 32. Nb5 Re6 33. Nc7 Re2 34.
Nxd5 Qg5 35. Ne3 Nc4 36. Qd8+ Kh7 37. Qxg5 Nxe3 38. Qb5 Rxg2+ 39. Kh1 1-0

[Event "World Rapid 2018"]
[Site "St Petersburg RUS"]
[Date "2018.12.27"]
[Round "7.36"]
[White "Grachev, Boris"]
[Black "Geller, Jakov"]
[Result "1/2-1/2"]
[WhiteTitle "GM"]
[BlackTitle "GM"]
[WhiteElo "2626"]
[BlackElo "2518"]
[WhiteFideId "4129199"]
[BlackFideId "4151984"]
[EventDate "2018.12.26"]

1. Nf3 e6 2. c4 d5 3. e3 Nf6 4. Nc3 Be7 5. b3 O-O 6. Bb2 a5 7. Qc2 Na6 8. a3 Nc5
9. d4 Nce4 10. Nxe4 Nxe4 11. Bd3 f5 12. O-O c6 13. a4 Bd7 14. Ba3 Bxa3 15. Rxa3
Qe7 16. Raa1 Nd6 17. Rab1 Nf7 18. Rfc1 g6 19. Qc3 Ng5 20. Nxg5 Qxg5 21. f4 Qe7
22. b4 axb4 23. Qxb4 Qxb4 24. Rxb4 dxc4 25. Bxc4 Bc8 26. Bb3 Ra5 27. Rc5 Rxc5
28. dxc5 Rd8 29. Rd4 Rxd4 30. exd4 Kf7 31. Kf2 Kf6 32. Ke3 Ke7 33. Kd2 Bd7 34.
Kc3 Kd8 35. Kb4 Bc8 36. Ka5 Kc7 37. Bd1 Bd7 38. h3 Be8 39. Bb3 Bf7 40. Bc4 Bg8
41. Kb4 Bf7 42. Kc3 Kd8 43. Kb4 Kc7 44. Be2 Be8 45. Kc3 Kd8 46. Bc4 Bd7 47. Bb3
Ke7 48. Bd1 Be8 49. Kd2 Kf6 50. Ke3 Ke7 51. Kf2 Kf6 52. Bf3 Bd7 53. Kg3 Be8 54.
Kh4 Bd7 55. Be2 Bc8 56. g4 Bd7 57. g5+ Ke7 58. Kg3 Kd8 59. Kf2 Be8 60. Ke3 Kc7
61. Kd2 Bf7 62. Kc3 Be8 63. Kb4 Bf7 64. h4 Be8 65. Kc3 Bf7 66. Bc4 Kd7 67. Kd2
Ke7 68. Be2 Be8 69. Ke3 Bf7 70. Kf2 Be8 71. Kg3 Bf7 72. h5 Be8 73. h6 Bd7 74.
Kf2 Kd8 75. Bc4 Kc7 76. Ke3 Kd8 77. Kd2 Kc7 78. Kc3 Kd8 79. Kb4 Kc7 80. Bf1 Be8
81. Be2 Bd7 82. Ka5 Be8 83. Bd3 Bd7 84. Bc4 Bc8 85. Ba2 Bd7 86. Kb4 Kd8 87. Kc3
Bc8 88. Bb3 Bd7 89. Bd1 Be8 90. d5 exd5 91. Kd4 Ke7 92. Ke5 Bd7 93. Be2 Be8 94.
Bf3 Bd7 95. Bh1 Be8 96. Bg2 Bd7 97. Bh3 Bc8 98. Bf1 Bd7 99. a5 Be8 100. Bd3 Bd7
101. Be2 Be8 102. Kd4 Bd7 103. Bd3 Bc8 104. Ke5 Bd7 105. Be2 Be8 106. a6 bxa6
107. Bxa6 Bd7 108. Bb7 Be8 109. Bc8 Bd7 110. Ba6 Be8 111. Kd4 Kd8 112. Kc3 Bd7 1/2-1/2

[Event "World Rapid 2018"]
[Site "St Petersburg RUS"]
[Date "2018.12.27"]
[Round "7.37"]
[White "Tari, Aryan"]
[Black "Bocharov, Ivan"]
[Result "1/2-1/2"]
[WhiteTitle "GM"]
[BlackTitle "IM"]
[WhiteElo "2620"]
[BlackElo "2563"]
[WhiteFideId "1510045"]
[BlackFideId "4180887"]
[EventDate "2018.12.26"]

1. e4 e5 2. Nf3 Nc6 3. d4 exd4 4. Nxd4 Nf6 5. Nxc6 bxc6 6. e5 Qe7 7. Qe2 Nd5 8.
c4 Nb6 9. Nc3 Qe6 10. Qe4 Ba6 11. b3 Bb4 12. Bd2 Bxc3 13. Bxc3 d5 14. Qh4 dxc4
15. Be2 Nd5 16. Bxc4 g5 17. Qd4 Bxc4 18. Qxc4 Nf4 19. Qxe6+ fxe6 20. g3 Nd5 21.
Bd2 Rg8 22. Rc1 Kd7 23. Rc4 Raf8 24. Ke2 Rf5 25. Rhc1 Rgf8 26. f4 gxf4 27. Bxf4
Nxf4+ 28. gxf4 Rxf4 29. Rxc6 Rf2+ 30. Ke3 R8f3+ 31. Ke4 Rf4+ 32. Ke3 R4f3+ 1/2-1/2

[Event "World Rapid 2018"]
[Site "St Petersburg RUS"]
[Date "2018.12.27"]
[Round "7.38"]
[White "Khusnutdinov, Rustam"]
[Black "Najer, Evgeniy"]
[Result "1-0"]
[WhiteTitle "GM"]
[BlackTitle "GM"]
[WhiteElo "2470"]
[BlackElo "2670"]
[WhiteFideId "13701703"]
[BlackFideId "4118987"]
[EventDate "2018.12.26"]

1. e4 c5 2. Nf3 d6 3. d4 cxd4 4. Qxd4 Nc6 5. Bb5 Bd7 6. Qd3 Nf6 7. O-O g6 8. c4
Bg7 9. Nc3 O-O 10. h3 Rc8 11. Be3 Nb4 12. Qe2 a6 13. Bxd7 Nxd7 14. Rac1 Qa5 15.
a3 Nc6 16. Rfd1 Rfe8 17. Rd5 Qc7 18. Rd2 Qb8 19. Rdc2 Nc5 20. Nd2 Nd4 21. Bxd4
Bxd4 22. b4 Nd7 23. Nb3 Bg7 24. Nd5 e6 25. Ne3 Red8 26. Ng4 h5 27. Nh2 Rc7 28.
Nf3 Qc8 29. c5 dxc5 30. Nxc5 Nxc5 31. Rxc5 Rxc5 32. Rxc5 Qd7 33. Rc1 Bh6 34. Rc3
Qd1+ 35. Qxd1 Rxd1+ 36. Kh2 Ra1 37. g3 Bg7 38. Rc8+ Bf8 39. Rc7 b5 40. Ng5 Rxa3
41. Rxf7 Ra2 42. Kg2 e5 43. Rf6 Bxb4 44. Rxg6+ Kf8 45. Rf6+ Kg7 46. Rf5 Bc3 47.
Ne6+ Kg6 48. g4 hxg4 49. hxg4 b4 50. g5 Bd4 51. Rf6+ Kh5 52. Kh3 1-0

[Event "World Rapid 2018"]
[Site "St Petersburg RUS"]
[Date "2018.12.27"]
[Round "7.39"]
[White "Pantsulaia, Levan"]
[Black "Petrov, Nikita"]
[Result "0-1"]
[WhiteTitle "GM"]
[BlackTitle "GM"]
[WhiteElo "2597"]
[BlackElo "2593"]
[WhiteFideId "13602071"]
[BlackFideId "4101286"]
[EventDate "2018.12.26"]

1. Nf3 d5 2. g3 g6 3. c4 dxc4 4. Na3 Bg7 5. Nxc4 Nc6 6. d3 e5 7. Bd2 Nge7 8. b4
O-O 9. Bg2 a6 10. a4 Be6 11. Rc1 b5 12. Na3 Rb8 13. axb5 axb5 14. Rc5 e4 15.
dxe4 Nd4 16. Nxd4 Bxd4 17. Rxb5 Bb2 18. Rxb8 Qxb8 19. Nc2 Rd8 20. Qb1 Bg7 21. h4
c5 22. Bg5 Bc3+ 23. Kf1 f6 24. Bf4 Qb5 25. Bh3 Bf7 26. Bg4 cxb4 27. Kg2 b3 28.
Ne3 Qb4 29. Bf3 Be6 30. g4 b2 31. Nd1 Ra8 32. Nxc3 Qxc3 33. Qd1 Kf7 34. Bd2 Qe5
35. Bb4 Nc6 36. Bd6 Qc3 37. e5 Ra1 0-1

[Event "World Rapid 2018"]
[Site "St Petersburg RUS"]
[Date "2018.12.27"]
[Round "7.40"]
[White "Al-Sayed, Mohammed"]
[Black "Demchenko, Anton"]
[Result "1/2-1/2"]
[WhiteTitle "GM"]
[BlackTitle "GM"]
[WhiteElo "2484"]
[BlackElo "2679"]
[WhiteFideId "12100196"]
[BlackFideId "4160258"]
[EventDate "2018.12.26"]

1. e4 c5 2. Nf3 Nc6 3. Nc3 d6 4. Bb5 e5 5. a3 Nf6 6. d3 Be7 7. Bg5 O-O 8. Bxf6
Bxf6 9. Nd2 Bg5 10. O-O g6 11. Nd5 Kh8 12. b4 Nd4 13. Bc4 b6 14. c3 Ne6 15. Nf3
Bh6 16. Qb3 Rb8 17. b5 Ng5 18. Nxg5 Qxg5 19. Kh1 Qh4 20. a4 f5 21. f3 Bb7 22. g3
Qh5 23. Kg2 Bc8 24. h4 fxe4 25. dxe4 g5 26. Qd1 gxh4 27. g4 h3+ 28. Kh1 Qh4 29.
Qe1 Qxe1 30. Raxe1 Bg5 31. Kh2 Rb7 32. Kxh3 h5 33. Kg3 Rh7 34. Rh1 h4+ 35. Kg2
h3+ 36. Rxh3 Rxh3 37. Kxh3 Rxf3+ 38. Kg2 Rf8 39. Rh1+ Kg7 40. Rh5 Bd2 41. Be2
Be6 42. Ne7 Bxc3 43. Nf5+ Kg8 44. Rg5+ Kh8 45. Rh5+ Kg8 46. Rg5+ Kh8 47. Rh5+
Kg8 48. Rg5+ 1/2-1/2

[Event "World Rapid 2018"]
[Site "St Petersburg RUS"]
[Date "2018.12.27"]
[Round "7.41"]
[White "Goganov, Aleksey"]
[Black "Yudin, Sergei"]
[Result "1-0"]
[WhiteTitle "GM"]
[BlackTitle "GM"]
[WhiteElo "2612"]
[BlackElo "2507"]
[WhiteFideId "24109959"]
[BlackFideId "4159659"]
[EventDate "2018.12.26"]

1. Nf3 e6 2. g3 b5 3. e4 Bb7 4. Qe2 a6 5. Bg2 Nf6 6. e5 Nd5 7. O-O Be7 8. d4 d6
9. a4 b4 10. a5 Nd7 11. Nbd2 O-O 12. Ne4 Qb8 13. c4 bxc3 14. bxc3 dxe5 15. Nxe5
Nxe5 16. dxe5 c5 17. Rb1 Ra7 18. c4 Nb4 19. Bf4 Bxe4 20. Bxe4 Qd8 21. Ra1 Rd7
22. Qg4 Re8 23. Rfd1 Rxd1+ 24. Rxd1 Qxa5 25. Rd7 g6 26. h4 Qa4 27. Rb7 Qa1+ 28.
Kg2 Qd4 29. Qf3 f5 30. exf6 Qxf6 31. Qg4 Rf8 32. h5 g5 33. Rxe7 Qxe7 34. Bxg5
Qg7 35. h6 1-0

[Event "World Rapid 2018"]
[Site "St Petersburg RUS"]
[Date "2018.12.27"]
[Round "7.42"]
[White "Grigoriants, Sergey"]
[Black "Gutenev, Alexander"]
[Result "1/2-1/2"]
[WhiteTitle "GM"]
[BlackTitle "IM"]
[WhiteElo "2540"]
[BlackElo "2456"]
[WhiteFideId "4130804"]
[BlackFideId "4195540"]
[EventDate "2018.12.26"]

1. e4 c5 2. Nf3 Nc6 3. Nc3 d6 4. d4 cxd4 5. Nxd4 Nf6 6. f3 e5 7. Nb3 Be7 8. Be3
Be6 9. Nd5 Bxd5 10. exd5 Nb4 11. c4 a5 12. Be2 O-O 13. O-O Na6 14. Nd2 Nh5 15.
g3 f5 16. Bf2 Nf6 17. Nb1 Nd7 18. Nc3 Nac5 19. Qc2 g6 20. b3 Bf6 21. Rad1 Re8
22. Nb5 Ra6 23. a3 e4 24. f4 e3 25. Be1 Ne4 26. Rf3 Qb6 27. Kg2 Raa8 28. Rd3
Rac8 29. Qa2 Nf2 30. Bxf2 exf2 31. Rxf2 Nc5 32. Rd1 a4 33. b4 Nb3 34. Qb1 Re3
35. Rd3 Rce8 36. Rxe3 Rxe3 37. Qd1 Kg7 38. Bf3 Nd4 39. Qxa4 Nxb5 40. Qxb5 Qxb5
41. cxb5 Rxa3 42. Rc2 Rc3 43. Rxc3 1/2-1/2

[Event "World Rapid 2018"]
[Site "St Petersburg RUS"]
[Date "2018.12.27"]
[Round "7.43"]
[White "Yakubboev, Nodirbek"]
[Black "Mchedlishvili, Mikheil"]
[Result "0-1"]
[WhiteTitle "IM"]
[BlackTitle "GM"]
[WhiteElo "2556"]
[BlackElo "2610"]
[WhiteFideId "14203987"]
[BlackFideId "13600966"]
[EventDate "2018.12.26"]

1. d4 d6 2. Nf3 g6 3. g3 Bg7 4. Bg2 Nf6 5. c4 O-O 6. Nc3 Nc6 7. O-O Bf5 8. d5
Na5 9. Nd2 c5 10. e4 Bd7 11. Qc2 e5 12. a3 b6 13. b4 Nb7 14. Bb2 Ng4 15. h3 Nh6
16. Ne2 f5 17. f4 Nf7 18. b5 Qe7 19. Rae1 Rae8 20. Kh2 h5 21. exf5 gxf5 22. fxe5
dxe5 23. Nf4 h4 24. gxh4 Qd6 25. Qc3 Bh8 26. Ne4 exf4 27. Nxd6 Bxc3 28. Rxe8
Bxe8 29. Bxc3 Nbxd6 30. Rxf4 Bd7 31. h5 Kh7 32. Kg1 Re8 33. Kf2 Ne5 34. Bxe5
Rxe5 35. a4 Kh6 36. Bf3 Be8 37. Bd1 Re4 0-1

[Event "World Rapid 2018"]
[Site "St Petersburg RUS"]
[Date "2018.12.27"]
[Round "7.44"]
[White "Potkin, Vladimir"]
[Black "Tissir, Mohamed"]
[Result "1-0"]
[WhiteTitle "GM"]
[BlackTitle "IM"]
[WhiteElo "2597"]
[BlackElo "2387"]
[WhiteFideId "4131061"]
[BlackFideId "9000240"]
[EventDate "2018.12.26"]

1. c4 d6 2. Nc3 g6 3. d4 Bg7 4. Nf3 Nf6 5. e4 O-O 6. h3 c6 7. Bg5 a6 8. Bd3 b5
9. O-O Bb7 10. Re1 h6 11. Be3 Nfd7 12. Qd2 Kh7 13. e5 c5 14. exd6 exd6 15. d5
bxc4 16. Bxc4 Nb6 17. Bf1 N8d7 18. Bf4 Nf6 19. Bh2 Nbxd5 20. Nxd5 Bxd5 21. Qf4
Rb8 22. b3 Rb6 23. Rad1 Qa8 24. Nd2 Rd8 25. Nc4 Bxc4 26. Qxc4 Qb7 27. g4 Rb4 28.
Qxa6 Qxa6 29. Bxa6 Ra8 30. Rxd6 Ne4 31. Rc6 f5 32. gxf5 gxf5 33. Bc8 Rxc8 34.
Rxc8 Bd4 35. Kg2 Rb7 36. Rc7+ Rxc7 37. Bxc7 Nxf2 38. Re7+ Kg6 39. a4 Nd3 40. a5
Kf6 41. Bd8 Nf4+ 42. Kf3 Ne6 43. Rd7+ Ke5 44. Bc7+ Kf6 45. Bb6 Ng5+ 46. Ke2 f4
47. Bd8+ Ke6 48. Bxg5 Kxd7 49. Bxh6 Be3 50. Kf3 1-0

[Event "World Rapid 2018"]
[Site "St Petersburg RUS"]
[Date "2018.12.27"]
[Round "7.45"]
[White "Mamedov, Rauf"]
[Black "Pershin, Denis"]
[Result "1/2-1/2"]
[WhiteTitle "GM"]
[WhiteElo "2703"]
[BlackElo "2400"]
[WhiteFideId "13401653"]
[BlackFideId "24165506"]
[EventDate "2018.12.26"]

1. e4 c6 2. Ne2 d5 3. e5 c5 4. d4 Nc6 5. c3 cxd4 6. cxd4 Bf5 7. Nbc3 e6 8. Ng3
Bg6 9. Be3 Qb6 10. Qd2 Bb4 11. Be2 Nge7 12. O-O O-O 13. Rfc1 Rfd8 14. Qd1 Bxc3
15. Rxc3 Qxb2 16. Rb3 Qc2 17. Qe1 b6 18. Bg5 h6 19. Bh4 Rf8 20. Ba6 Bh7 21. Bb7
g5 22. Rc3 Qa4 23. Bxg5 hxg5 24. Qc1 Qxd4 25. Qxg5+ Bg6 26. Nh5 Qxe5 27. Nf6+
Kg7 28. Nh5+ Kg8 29. Nf6+ Kg7 30. Nh5+ Kh8 31. Qd2 Bxh5 32. Bxa8 Rxa8 33. Re1
Qf5 34. Rh3 Kg7 35. g4 Qg6 36. Rg3 Bxg4 37. h3 f5 38. hxg4 f4 39. Qxf4 Rf8 40.
Qc7 Qf7 41. Rg2 Nd4 42. Re3 Ng6 43. Qc3 e5 44. Qb2 Qf4 45. Rgg3 Nh4 46. Rc3
Nhf3+ 47. Kg2 Rh8 48. Rcxf3 Nxf3 49. Rxf3 Rh2+ 50. Kg1 Rh1+ 51. Kxh1 Qxf3+ 52.
Kh2 d4 53. Qb5 Qxf2+ 54. Kh3 Qe3+ 55. Kg2 Qe4+ 56. Kh3 Qe3+ 57. Kg2 Kg6 58. Qe8+
Kh6 59. Qh8+ Kg6 60. Qe8+ Kh6 61. Qh8+ Kg5 62. Qh5+ Kf6 63. Qf5+ Kg7 64. Qd7+
Kf6 65. Qf5+ Kg7 66. Qd7+ Kf6 1/2-1/2

[Event "World Rapid 2018"]
[Site "St Petersburg RUS"]
[Date "2018.12.27"]
[Round "7.46"]
[White "Huzman, Alexander"]
[Black "Melkumyan, Hrant"]
[Result "0-1"]
[WhiteTitle "GM"]
[BlackTitle "GM"]
[WhiteElo "2580"]
[BlackElo "2670"]
[WhiteFideId "2803828"]
[BlackFideId "13302485"]
[EventDate "2018.12.26"]

1. Nf3 c5 2. e3 Nf6 3. d4 cxd4 4. exd4 d5 5. c3 Nc6 6. Bf4 Bf5 7. Qb3 Qc8 8.
Nbd2 e6 9. h3 h6 10. Be2 Be7 11. O-O O-O 12. Rfe1 Nd7 13. Nf1 Re8 14. Ne3 Be4
15. Qd1 a6 16. a4 Bf8 17. Bd3 Bxd3 18. Qxd3 Na5 19. Ng4 Qd8 20. Nfe5 Nc6 21. Qg3
Ncxe5 22. dxe5 Kh8 23. Qf3 Qh4 24. a5 Rac8 25. Bd2 Qh5 26. Ra4 Be7 27. Rf4 Rf8
28. c4 Bg5 29. cxd5 Bxf4 30. Bxf4 exd5 31. Qxd5 Nc5 32. Rd1 Ne6 33. Be3 Rcd8 34.
Qb3 Rxd1+ 35. Qxd1 Qf5 36. Bb6 h5 37. Ne3 Qxe5 38. Qd7 Qe4 39. f3 Qb1+ 40. Kh2
Qxb2 41. Qd5 Qb5 42. Qxb7 Qe5+ 43. Kg1 Nd4 44. Nc4 Qe1+ 45. Kh2 Nf5 46. Qc7 h4
47. Qe5 Qg3+ 48. Kg1 Rc8 49. Qd5 Qg6 50. Bf2 Qe6 51. Qxe6 fxe6 52. Ne5 Rc1+ 53.
Kh2 Rc2 54. Kg1 Ra2 55. Bb6 Kh7 56. Nc6 Ra1+ 57. Kf2 Ra2+ 58. Kg1 Nd6 59. Nb4
Ra1+ 60. Kf2 Nc4 61. Bd8 g5 62. Nxa6 Ra2+ 63. Kg1 Ne3 64. Nc5 Nxg2 65. Bxg5 Ne1
66. Bd8 Nxf3+ 67. Kf1 e5 68. a6 Kg6 69. Bb6 Kf5 0-1

[Event "World Rapid 2018"]
[Site "St Petersburg RUS"]
[Date "2018.12.27"]
[Round "7.47"]
[White "Teske, Henrik"]
[Black "Ponkratov, Pavel"]
[Result "0-1"]
[WhiteTitle "GM"]
[BlackTitle "GM"]
[WhiteElo "2483"]
[BlackElo "2630"]
[WhiteFideId "4611500"]
[BlackFideId "4157800"]
[EventDate "2018.12.26"]

1. Nf3 c5 2. e4 b6 3. d4 cxd4 4. Nxd4 Bb7 5. Nc3 a6 6. Bg5 Qc7 7. Qd3 e6 8.
O-O-O Nf6 9. Kb1 Bb4 10. Bxf6 gxf6 11. Nce2 Nc6 12. c3 Be7 13. f4 Na5 14. g3 Qc4
15. Qc2 Qc7 16. Nc1 Nc4 17. Bxc4 Qxc4 18. Rhe1 h5 19. Ncb3 Qc7 20. Ka1 h4 21. e5
f5 22. Nxf5 exf5 23. Qxf5 hxg3 24. hxg3 Rf8 25. Nd2 O-O-O 26. Ne4 Qc4 27. Nd6+
Bxd6 28. Rxd6 Bd5 29. Qb1 Bc6 30. Rd4 Qc5 31. Qd3 Kb7 32. g4 Rh8 33. a4 Rh2 34.
f5 Rdh8 35. Ka2 R8h3 36. Re3 Rxe3 37. Qxe3 Bxa4 38. Qe4+ Bc6 39. Rxd7+ Kc8 40.
Qf4 Qa5+ 41. Kb3 0-1

[Event "World Rapid 2018"]
[Site "St Petersburg RUS"]
[Date "2018.12.27"]
[Round "7.48"]
[White "Yilmaz, Mustafa"]
[Black "Ragger, Markus"]
[Result "0-1"]
[WhiteTitle "GM"]
[BlackTitle "GM"]
[WhiteElo "2636"]
[BlackElo "2687"]
[WhiteFideId "6302718"]
[BlackFideId "1610856"]
[EventDate "2018.12.26"]

1. d4 Nf6 2. c4 g6 3. Nf3 Bg7 4. Nc3 d5 5. cxd5 Nxd5 6. Qa4+ Bd7 7. Qa3 Nxc3 8.
bxc3 O-O 9. Bg5 f6 10. Bh4 Be6 11. e4 Qd6 12. Qb2 f5 13. Ng5 h6 14. e5 Bxe5 15.
Nxe6 Qxe6 16. dxe5 g5 17. f4 gxh4 18. Qxb7 Qb6 19. Bc4+ Kh7 20. Qf3 Nd7 21. g4
Qc5 22. Bd5 Rad8 23. O-O-O Qa3+ 24. Kc2 c6 25. Bc4 Nc5 26. Rb1 Qa4+ 27. Bb3 Nxb3
28. axb3 Qa2+ 29. Rb2 Rd2+ 30. Kxd2 Qxb2+ 31. Kd3 Qxb3 32. Qxc6 Rd8+ 33. Ke3 Qc2
34. Qc4 Qd2+ 35. Kf3 Rd3+ 0-1

[Event "World Rapid 2018"]
[Site "St Petersburg RUS"]
[Date "2018.12.27"]
[Round "7.49"]
[White "Potapov, Pavel"]
[Black "Adly, Ahmed"]
[Result "1/2-1/2"]
[WhiteTitle "GM"]
[BlackTitle "GM"]
[WhiteElo "2516"]
[BlackElo "2626"]
[WhiteFideId "4169786"]
[BlackFideId "10601619"]
[EventDate "2018.12.26"]

1. e4 c5 2. c3 Nf6 3. e5 Nd5 4. Bc4 Nb6 5. Bb3 c4 6. Bc2 Nc6 7. Nf3 Qc7 8. Qe2
e6 9. O-O d5 10. d4 cxd3 11. Bxd3 h6 12. Re1 g5 13. Nd4 Nd7 14. Qh5 Ndxe5 15.
Bb5 Ng6 16. c4 Bg7 17. Nf5 Be5 18. cxd5 exf5 19. dxc6 bxc6 20. Bc4 Kf8 21. Nc3
Rb8 22. h4 Rb4 23. Qe2 gxh4 24. Be3 Kg7 25. Bc5 a5 26. a3 Rb8 27. Rad1 h3 28.
gxh3 f4 29. Qh5 Rxb2 30. Rxe5 Nxe5 31. Bd6 Qxd6 32. Rxd6 Nxc4 33. Rxc6 Be6 34.
Rxe6 fxe6 35. Qg4+ Kh7 36. Qxe6 Rg8+ 37. Kh1 Nd2 38. Qf5+ Kh8 39. Qxf4 Rg6 40.
Nd1 Rb3 41. Qf8+ Kh7 42. Qf7+ Rg7 43. Qf5+ Kh8 44. Qf8+ Kh7 45. Qf5+ Kg8 46.
Qc8+ Kh7 47. Qf5+ Kh8 48. Qf8+ Kh7 49. Qf5+ Kg8 50. Qc8+ Kh7 51. Qf5+ 1/2-1/2

[Event "World Rapid 2018"]
[Site "St Petersburg RUS"]
[Date "2018.12.27"]
[Round "7.50"]
[White "Popov, Valerij"]
[Black "Amin, Bassem"]
[Result "1-0"]
[WhiteTitle "GM"]
[BlackTitle "GM"]
[WhiteElo "2532"]
[BlackElo "2710"]
[WhiteFideId "4119410"]
[BlackFideId "10601457"]
[EventDate "2018.12.26"]

1. Nf3 Nf6 2. c4 g6 3. Nc3 Bg7 4. e4 d6 5. d4 O-O 6. Be2 e5 7. Be3 Ng4 8. Bg5 f6
9. Bh4 Nc6 10. d5 Ne7 11. Nd2 h5 12. h3 Nh6 13. f3 g5 14. Bf2 f5 15. c5 Ng6 16.
Qb3 Nf4 17. Bf1 fxe4 18. Ndxe4 Nf5 19. cxd6 cxd6 20. O-O-O Rf7 21. Kb1 Nd4 22.
Bxd4 exd4 23. Nb5 Bf5 24. Nxd4 Bxe4+ 25. fxe4 Bxd4 26. Rxd4 Qf6 27. Rc4 Ng6 28.
Be2 Ne5 29. Rb4 Qg6 30. Qe3 b6 31. Rc1 Raf8 32. a3 Kg7 33. Ka2 h4 34. Ra4 Re7
35. Rg1 Rf4 36. g3 hxg3 37. Rxg3 Kh6 38. Bd1 Rc7 39. Rd4 Qf6 40. Qe2 Qf7 41. Rd2
Rc4 42. Bc2 b5 43. Qe3 Nf3 44. Rf2 Nd4 45. Rxg5 Nxc2 46. Qg3 Rcxe4 47. Rxc2 Rf3
48. Rg6+ Kh7 49. Rg7+ Qxg7 50. Qxf3 Re5 51. Qd3+ Kh6 52. Rc6 Qf6 53. Qxb5 Kg5
54. Qb3 Re2 55. Qg3+ Kh6 56. Rxd6 Rxb2+ 57. Ka1 1-0

[Event "World Rapid 2018"]
[Site "St Petersburg RUS"]
[Date "2018.12.27"]
[Round "7.51"]
[White "Ghaem Maghami, Ehsan"]
[Black "Antipov, Mikhail Al."]
[Result "1-0"]
[WhiteTitle "GM"]
[BlackTitle "GM"]
[WhiteElo "2537"]
[BlackElo "2589"]
[WhiteFideId "12500739"]
[BlackFideId "4107012"]
[EventDate "2018.12.26"]

1. d4 Nf6 2. Nf3 c6 3. c4 d5 4. e3 Bf5 5. Nc3 a6 6. Bd3 Bg6 7. O-O e6 8. Re1 Bb4
9. Bxg6 hxg6 10. Qb3 Qe7 11. Bd2 Bxc3 12. Bxc3 Ne4 13. Rf1 Qc7 14. Ba5 Qc8 15.
Rac1 Nd7 16. a4 Qb8 17. g3 g5 18. Nd2 Ndf6 19. Nf3 Ng4 20. Be1 f6 21. Kg2 Qc8
22. h3 Nh6 23. Nd2 f5 24. f3 Nf6 25. g4 Qd7 26. Bg3 Nhg8 27. Rfe1 Ne7 28. Qc2
Kf7 29. Nb3 Rae8 30. Nc5 Qc8 31. Qb3 f4 32. exf4 gxf4 33. Bxf4 Ng6 34. Bg3 Re7
35. Nd3 Kg8 36. c5 Rf7 37. Re3 Nh7 38. h4 Qd8 39. Rh1 Qf6 40. Qc3 Rf8 41. h5 Ne7
42. Ne5 Rd8 43. Qd3 Nf8 44. f4 Nd7 45. Nxd7 Rxd7 46. Rhe1 1-0

[Event "World Rapid 2018"]
[Site "St Petersburg RUS"]
[Date "2018.12.27"]
[Round "7.52"]
[White "Belozerov, Andrei"]
[Black "Inarkiev, Ernesto"]
[Result "0-1"]
[WhiteTitle "GM"]
[BlackTitle "GM"]
[WhiteElo "2528"]
[BlackElo "2693"]
[WhiteFideId "4120213"]
[BlackFideId "4162722"]
[EventDate "2018.12.26"]

1. e4 c5 2. Nf3 d6 3. Bb5+ Nd7 4. d4 cxd4 5. Qxd4 a6 6. Bxd7+ Bxd7 7. c4 Nf6 8.
Bg5 e6 9. Nc3 h6 10. Bxf6 Qxf6 11. Qxf6 gxf6 12. a4 Rc8 13. b3 Bg7 14. Rc1 b5
15. axb5 axb5 16. Nd2 Ke7 17. Ke2 bxc4 18. bxc4 Rc5 19. Kd3 f5 20. Rhe1 Rhc8 21.
exf5 Rxf5 22. Nd5+ Kd8 23. Nb6 Rb8 24. Nxd7 Kxd7 25. f3 Ra5 26. Rb1 Ra3+ 27. Ke2
Rc8 28. Rb7+ Rc7 29. Reb1 Bd4 30. Rxc7+ Kxc7 31. Rb3 Ra1 32. Rb1 Ra3 33. Rb3 Ra2
34. Kd3 Bb6 35. Rc3 Ba5 36. Rc2 Ra3+ 37. Ke2 Kc6 38. g4 Bxd2 39. Rxd2 Kc5 40.
Rb2 Kxc4 41. Rb7 d5 42. Rxf7 Ra2+ 43. Ke1 Kd4 44. h4 Ke3 45. Kd1 d4 46. Rd7 d3
47. Kc1 d2+ 48. Kb1 Ra5 0-1

[Event "World Rapid 2018"]
[Site "St Petersburg RUS"]
[Date "2018.12.27"]
[Round "7.53"]
[White "Salgado Lopez, Ivan"]
[Black "Sychev, Klementy"]
[Result "1/2-1/2"]
[WhiteTitle "GM"]
[BlackTitle "IM"]
[WhiteElo "2629"]
[BlackElo "2537"]
[WhiteFideId "2257327"]
[BlackFideId "4114060"]
[EventDate "2018.12.26"]

1. e4 e5 2. Bc4 Nf6 3. d3 Nc6 4. Nf3 Bc5 5. Nc3 d6 6. Na4 Bb6 7. c3 h6 8. Nxb6
axb6 9. Bb3 O-O 10. O-O Nh5 11. d4 Qf6 12. Be3 Bg4 13. h3 Bxf3 14. Qxf3 Qxf3 15.
gxf3 Kh8 16. Bc2 f6 17. Rfd1 Ne7 18. a4 Ng6 19. Rd2 Nh4 20. Bd1 f5 21. exf5 exd4
22. Rxd4 Nxf5 23. Re4 Rfe8 24. Bd2 Nf6 25. Rxe8+ Rxe8 26. a5 Ra8 27. b4 Ne7 28.
Ra4 bxa5 29. c4 Nd7 30. c5 dxc5 31. bxa5 b5 32. Rf4 Nf6 33. Bc2 b4 34. Rc4 Rxa5
35. Be3 Ned5 36. Bxc5 Ra1+ 37. Kh2 Rc1 38. Bd4 b3 39. Bxb3 Rxc4 40. Bxc4 Kh7 1/2-1/2

[Event "World Rapid 2018"]
[Site "St Petersburg RUS"]
[Date "2018.12.27"]
[Round "7.54"]
[White "Rakhmanov, Aleksandr"]
[Black "Golubov, Saveliy"]
[Result "1-0"]
[WhiteTitle "GM"]
[BlackTitle "IM"]
[WhiteElo "2629"]
[BlackElo "2482"]
[WhiteFideId "4173708"]
[BlackFideId "24176729"]
[EventDate "2018.12.26"]

1. c4 Nf6 2. Nc3 g6 3. g3 Bg7 4. Bg2 O-O 5. d3 c6 6. e4 d5 7. cxd5 cxd5 8. e5
Nfd7 9. d4 f6 10. f4 fxe5 11. dxe5 e6 12. Nf3 b5 13. O-O Qb6+ 14. Nd4 Bb7 15.
Be3 Nc6 16. Nf5 Qa5 17. Nd6 Ba6 18. Nxd5 b4 19. Rf2 Rad8 20. Rc1 Ndxe5 21. fxe5
Rxf2 22. Bxf2 Nxe5 23. Rc5 Qxa2 24. Ne7+ Kh8 25. Rxe5 Bxe5 26. Nf7+ Kg7 27. Nxd8
Qxb2 28. Nec6 Qa1 29. Qxa1 Bxa1 30. Nxb4 Bc4 31. Bxa7 Kf6 32. Ndc6 e5 33. Nd5+
Ke6 34. Ne3 Bb3 35. Bc5 Bc3 36. Bh3+ Kf7 37. Bd6 e4 38. Be5 Bd2 39. Kf2 Ba4 40.
Nd4 Ke7 41. Bg2 Kf7 42. Bxe4 Ba5 43. Bd5+ Kf8 44. Bc6 Bxc6 45. Nxc6 Bb6 46. Bd4
Bc7 47. Kf3 Kf7 48. Ke4 Ke6 49. Nd5 Bd6 50. Nf4+ Kf7 51. Ne5+ Ke7 52. Kd5 Bb8
53. Nexg6+ hxg6 54. Nxg6+ Kf7 55. Ne5+ 1-0